| 000 -LEADER |
| fixed length control field |
01281nam a22002417a 4500 |
| 005 - DATE AND TIME OF LATEST TRANSACTION |
| control field |
20211005093614.0 |
| 008 - FIXED-LENGTH DATA ELEMENTS--GENERAL INFORMATION |
| fixed length control field |
211005b ||||| |||| 00| 0 eng d |
| 020 ## - INTERNATIONAL STANDARD BOOK NUMBER |
| International Standard Book Number |
9781786540201 |
| Qualifying information |
pbk. ; |
| 040 ## - CATALOGING SOURCE |
| Transcribing agency |
KH8 |
| 082 ## - DEWEY DECIMAL CLASSIFICATION NUMBER |
| Classification number |
FIC BRA |
| 100 ## - MAIN ENTRY--PERSONAL NAME |
| Personal name |
Bracken, Alexandra |
| Relator term |
author |
| 245 ## - TITLE STATEMENT |
| Title |
In the after life / |
| Statement of responsibility, etc. |
Alexandra Bracken |
| 260 ## - PUBLICATION, DISTRIBUTION, ETC. |
| Place of publication, distribution, etc. |
London, England : |
| Name of publisher, distributor, etc. |
Quercus, |
| Date of publication, distribution, etc. |
2016. ©2014. |
| 300 ## - PHYSICAL DESCRIPTION |
| Extent |
582 pages ; |
| Dimensions |
20 cm. |
| 440 ## - SERIES STATEMENT/ADDED ENTRY--TITLE |
| Title |
The Darkest Minds ; |
| Number of part/section of a work |
Book 3. |
| 500 ## - GENERAL NOTE |
| General note |
Originally published: Hyperion, 2014. |
| 520 ## - SUMMARY, ETC. |
| Summary, etc. |
The fate of a generation lies in Ruby's hands - and one wrong move could set the world on fire. One of the few survivors of a disease that killed most of America's children, Ruby has emerged as Leader of the rebel group determined to bring the government down. Torn apart by the unbearable loss of Liam, she forms an unlikely alliance with his brother, Cole. But whatever their differences, Ruby and Cole are united by a clear mission: there are thousands like them still suffering in 'rehabilitation camps'. It's up to Ruby to set them free. |
| 650 ## - SUBJECT ADDED ENTRY--TOPICAL TERM |
| Source of heading or term |
Psychic ability -- Juvenile fiction. |
| 650 ## - SUBJECT ADDED ENTRY--TOPICAL TERM |
| Topical term or geographic name entry element |
Insurgency -- Juvenile fiction. |
| 650 ## - SUBJECT ADDED ENTRY--TOPICAL TERM |
| Topical term or geographic name entry element |
Survival -- Juvenile fiction. |
| 650 ## - SUBJECT ADDED ENTRY--TOPICAL TERM |
| Topical term or geographic name entry element |
Young adult fiction. |
| 942 ## - ADDED ENTRY ELEMENTS (KOHA) |
| Source of classification or shelving scheme |
|
| Koha item type |
Books - Fiction |